000 01128pam a2200337 i 4500
999 _c437
_d437
001 020285998
003 UkOxU
005 20190814145738.0
008 140925s2014 enka be |0|1 0|eng
015 _aGBB4A4393
_2bnb
016 7 _a016877456
_2Uk
020 _a9781783612833
035 _a(Uk)016877456
040 _aStDuBDS
_beng
_erda
_cStDuBDS
_dUk
042 _aukblsr
082 0 4 _a781.680 CLA
_223
245 0 0 _aClassical music encyclopedia /
_cfounding editor: Stanley Sadie ; foreword by Vladimir Ashkenazy.
250 _aNew & expanded edition, Second edition, 2014 /
_bconsultant editor: Charles Wilson.
264 1 _aFulham, London :
_bFlame Tree Publishing,
_c[2014]
300 _a496 pages :
_billustrations (black and white) ;
_c25 cm
336 _atext
_2rdacontent
337 _aunmediated
_2rdamedia
338 _avolume
_2rdacarrier
500 _aFormerly CIP.
_5Uk
504 _aIncludes bibliographical references and index.
650 0 _aMusic
_vEncyclopedias.
700 1 _aSadie, Stanley,
_eeditor.
700 1 _aWilson, Charles,
_d1968-
_eeditor.
942 _2ddc
_cREF